000 01036cam a2200289 a 4500
001 4426375
003 OSt
005 20221019031359.0
008 931015s1993 caua 001 0 eng d
010 _a 93218893
020 _a1562761293 (pbk.) :
_c$24.95 U.S. $34.95 Can. £22.96 U.K.
040 _aMMU
_cMMU
_dMMU
_beng
042 _alccopycat
050 0 0 _aTK5105.5
_b.D49 1993
082 0 0 _a004.6
_220
100 1 _aDerfler, Frank J.
245 1 0 _aHow networks work /
_cFrank J. Derfler, Jr. and Les Freed ; illustrated by Michael Troller.
260 _aEmeryville, Calif. :
_bZiff-Davis Press,
_cc1993.
300 _aix, 216 p. :
_bcol. ill. ;
_c27 cm.
500 _aIncludes index.
650 0 _aComputer networks.
650 0 _aLocal area networks (Computer networks)
700 1 _aFreed, Les.
906 _a7
_bcbc
_ccopycat
_d2
_encip
_f19
_gy-gencatlg
942 _2lcc
_cLOAN LOAN
999 _c26846
_d26846